Mort subite,les joueurs de basket MVP en NBA depuis 2000 - Statistiques

Statistiques générales
  • Ce quiz a été pris 581 fois
  • Le résultat moyen est 10 sur 16
Answers on the Grid
Answers color-coded by a green-red scale on the quiz's grid according to % correct below.
LeBron James
Giannis Antetokoúnmpo
Luka Doncic
Kevin Garnett
Dirk Nowitzki
Dwight Howard
Chris Paul
Klay Thompson
Rudy Gobert
Joel Embiid
Zion Williamson
Kyrie Irving
James Harden
Kevin Durant
Tony Parker
Shaquille O'Neal
Dwayne Wade
Damien Lillard
Derrick Rose
Ray allen
Nikola Jokic
Russell Westbrook
Jalen Brown
Julius Randle
Steve Nash
Tim Duncan
Kobe Bryant
Carmelo Anthony
Stephen Curry
Allen Iverson
 
Statistiques - réponses
Réponse % Correct
LeBron James
96%
Giannis Antetokoúnmpo
81%
Kevin Durant
63%
Stephen Curry
62%
James Harden
62%
Dirk Nowitzki
61%
Kobe Bryant
60%
Joel Embiid
59%
Shaquille O'Neal
59%
Nikola Jokic
58%
Russell Westbrook
56%
Derrick Rose
53%
Kevin Garnett
53%
Tim Duncan
52%
Steve Nash
50%
Allen Iverson
49%
Aucun quiz correspondant
Distribution des résultats
% des personnes avec chaque résultat
Percentile par nombre de réponses
Votre historique - résultats
Vous n’avez pas pris ce quiz